00321nam a2200121Ia 4500008004100000041000800041082001900049100001500068245004500083260003900128300002300167365000900190240624s9999 xx 000 0 und d aeng a306.20973 STE  aSTEIN MARK aAMERICAN PANIC A HISTORY OF WHO SCARES U c2014aNew YorkbPalgrave Macmillan axi, 275 p.; 24 cm. cb38